California Rivers Map Quiz - Statistics

General Stats
  • This quiz has been taken 714 times
  • The average score is 6 of 11
Answers on the Map
Answers color-coded by a green-red scale on the quiz's map according to % correct below.
 
Answer Stats
Answer % Correct
Colorado
78%
Sacramento
78%
San Joaquin
70%
Klamath
61%
Salinas
60%
Kern
53%
Russian
52%
Owens
43%
Trinity
41%
Eel
39%
Pit
33%
No matching quizzes found
Score Distribution
Percent of People with Each Score
Percentile by Number Answered
Your Score History
You have not taken this quiz